000 00807cam a22002413a 4500
001 15003
003 PGUSA
005 20140828083324.0
008 050209s2005||||xxu|||||s|||||000 | eng d
040 _aPGUSA
_beng
042 _adc
050 4 _aSK
100 1 _aWood, William Charles Henry,
_d1864-1947
245 1 0 _aDraft of a Plan for Beginning Animal Sanctuaries in Labrador
_h[electronic resource] /
_cWilliam Charles Henry Wood
260 _bProject Gutenberg,
_c2005
506 _aPublic domain in the USA.
516 _aElectronic text
653 _aWildlife conservation -- Newfoundland and Labrador -- Labrador
653 _aGame protection -- Newfoundland and Labrador -- Labrador
830 0 _aProject Gutenberg
_v15003
856 4 0 _uhttp://www.gutenberg.org/ebooks/15003
942 _cEB
999 _c244258
_d244258